Normal view
MARC view
Entry Personal Name
001 - CONTROL NUMBER
- control field: 20353
003 - CONTROL NUMBER IDENTIFIER
- control field: OSt
005 - DATE AND TIME OF LATEST TRANSACTION
- control field: 20210114113730.0
008 - FIXED-LENGTH DATA ELEMENTS
- fixed length control field: 210114|| aca||aabn | a|a d
040 ## - CATALOGING SOURCE
- Original cataloging agency: OSt
- Transcribing agency: OSt
100 ## - HEADING--PERSONAL NAME
- Personal name: Antonio, William V.D (ed.)
670 ## - SOURCE DATA FOUND
- Source citation: Work cat.: (OSt): Antonio, William V.D (ed.), Families and religions : Conflict and modern society, 1983
